header

The National Academy of Sciences (Record no. 41503)

MARC details
000 -LEADER
fixed length control field 01273nam a2200301Ia 4500
100 1# - MAIN ENTRY--AUTHOR NAME
Personal name Cochrane, Rexmond C.
245 14 - TITLE STATEMENT
Title The National Academy of Sciences
260 ## - PUBLICATION, DISTRIBUTION, ETC. (IMPRINT)
Place of publication Washington :
Name of publisher The Academy,
Year of publication 1978.
300 ## - PHYSICAL DESCRIPTION
Number of Pages xvi, 694 p. :
Other physical details ill.
650 #0 - SUBJECT ADDED ENTRY--TOPICAL TERM
Topical Term Learned institutions and societies
856 40 - ELECTRONIC LOCATION AND ACCESS
Uniform Resource Identifier http://site.ebrary.com/lib/rucke/Doc?id=10068341

No items available.

© 2026 Rongo University
Contact us: librarian | system librarian | Rongo university